The M & E Handbook Series: Cost Accountancy. (Record no. 1374)
[ view plain ]
| 005 - DATE AND TIME OF LATEST TRANSACTION | |
|---|---|
| control field | 20250423105018.0 |
| 020 ## - INTERNATIONAL STANDARD BOOK NUMBER | |
| International Standard Book Number | 7121 0311 2 |
| 082 ## - DEWEY DECIMAL CLASSIFICATION NUMBER | |
| Classification number | 657 HAR |
| 100 ## - MAIN ENTRY--PERSONAL NAME | |
| Author name | HARPER, M. W. |
| 245 ## - TITLE STATEMENT | |
| Title | The M & E Handbook Series: Cost Accountancy. |
| 260 ## - PUBLICATION, DISTRIBUTION, ETC. | |
| Place of publication, distribution, etc. | London, |
| Name of publisher, distributor, etc. | MacDonald & Evans LTD, |
| Date of publication, distribution, etc. | 1968. |
| 300 ## - PHYSICAL DESCRIPTION | |
| Extent | xv, 336p.: ill.; figure |
| Other physical details | Index |
| Dimensions | 18cm |
| 942 ## - ADDED ENTRY ELEMENTS (KOHA) | |
| Source of classification or shelving scheme | Dewey Decimal Classification |
| Koha item type | Books |
| Date last seen | Total checkouts | Full call number | Barcode | Cost, replacement price | Price effective from | Koha item type | Lost status | Source of classification or shelving scheme | Damaged status | Not for loan | Withdrawn status | Home library | Current library | Shelving location | Date acquired | Cost, normal purchase price |
|---|---|---|---|---|---|---|---|---|---|---|---|---|---|---|---|---|
| 04/14/2025 | 657 HAR | 0000005282 | 30000.00 | 04/14/2025 | Books | Dewey Decimal Classification | College of Business Education Main Library | College of Business Education Main Library | General Collection | 04/14/2025 | 10000.00 | |||||
| 04/16/2025 | 657 HAR | 0000005868 | 30000.00 | 04/16/2025 | Books | Dewey Decimal Classification | College of Business Education Main Library | College of Business Education Main Library | General Collection | 04/16/2025 | 10000.00 | |||||
| 04/16/2025 | 657 HAR | 0000005869 | 30000.00 | 04/16/2025 | Books | Dewey Decimal Classification | College of Business Education Main Library | College of Business Education Main Library | General Collection | 04/16/2025 | 10000.00 |
